000 00366nam a2200157Ia 4500
003 Ost
005 20260225132559.0
008 260225s9999||||xx |||||||||||||| ||und||
040 _cfsic
041 _afre
082 _a327.1
100 _ajean baudouin
_eAuteur
245 0 _aIntroduction a la sociologie politique /
245 0 _cjean baudouin
942 _cكتاب
999 _c34660
_d34660